| 000 | 00000nam##2200000za#4500 |
| 001 | 9.686696 |
| 003 | CaOODSP |
| 005 | 20210624230643 |
| 007 | cr ||||||||||| |
| 008 | 150407|2003||||xxc|||||o f|0| 0 eng|d |
| 020 | |a0-662-35077-4 |
| 040 | |aCaOODSP|beng |
| 043 | |an-cn--- |
| 086 | 1 |aA22-341/2003E-PDF |
| 110 | 1 |aCanada. |bAgriculture and Agri-Food Canada. |
| 245 | 10|aPesticide risk reduction and minor use programs : |h[electronic resource]|bimproving ways to manage pests with new technology |
| 260 | |aOttawa - Ontario : |bAgriculture and Agri-Food Canada |cc2003. |
| 300 | |a14p.|bcoloured figs., photographs |
| 500 | |aThe catalogue number (A22-341/2003) and ISBN (0-662-67707) for the bilingual print edition have been copied in this electronic publication. Historical publication digitized by Agriculture and Agri-Food Canada. |
| 590 | |a15-03-Supp|b2015-03-13 |
| 690 | 07|aPesticides|2gcpds |
| 775 | 08|tProgrammes visant les pesticides à usage limité et la réduction des risques liés aux pesticides : |w(CaOODSP)9.631159 |
| 776 | 0#|tPesticide risk reduction and minor use programs : |w(CaOODSP)9.665045 |
| 776 | 0#|tProgrammes visant les pesticides à usage limité et la réduction des risques liés aux pesticides : |w(CaOODSP)9.665046 |
| 856 | 40|ahttp://publications.gc.ca|qPDF|s717 KB|uhttps://publications.gc.ca/collections/collection_2015/aac-aafc/A22-341-2003-eng.pdf |
| 986 | |a2216B |